000 00608nam a2200217Ii 4500
001 6875
003 CO-ViMGA
008 241108s9999||||xx |||||||||||||| ||und||
020 _a9507427872
040 _aCO-ViMGA
_bspa
_erda
_cCO-ViMGA
041 0 _aunk
084 _aN AND1a
100 1 _aFederico Andahazi
_946716
245 1 0 _aEl anatomista
264 1 _a[Lugar de publicación no identificado] : Planeta, 1997
300 _avolumen
336 _atext
_btxt
_2rdacontent
337 _aunmediated
_bn
_2rdamedia
338 _avolume
_bnc
_2rdacarrier
940 _aidficha_siabuc: 6718. -- ficha_no_siabuc:6875
999 _c51468
_d51468